5HLuxD.jpg

KING HENRY VIII SENIOR AND PRIMARY SCHOOL LIBRARY OPAC

Mathematics: (Record no. 1204)

000 -LEADER
fixed length control field 00670nam a22002177a 4500
005 - DATE AND TIME OF LATEST TRANSACTION
control field 20221104085123.0
008 - FIXED-LENGTH DATA ELEMENTS--GENERAL INFORMATION
fixed length control field 221104b ||||| |||| 00| 0 eng d
020 ## - INTERNATIONAL STANDARD BOOK NUMBER
International Standard Book Number 9781510421776
040 ## - CATALOGING SOURCE
Transcribing agency KH8
082 ## - DEWEY DECIMAL CLASSIFICATION NUMBER
Classification number 519.2 GOL
100 ## - MAIN ENTRY--PERSONAL NAME
Personal name Goldie, Sophie
Relator term Author
245 ## - TITLE STATEMENT
Title Mathematics:
Remainder of title Probability and statistics 2 /
Statement of responsibility, etc. Sophie Goldie.
260 ## - PUBLICATION, DISTRIBUTION, ETC.
Place of publication, distribution, etc. London:
Name of publisher, distributor, etc. Hodder Education,
Date of publication, distribution, etc. 2018.
300 ## - PHYSICAL DESCRIPTION
Extent 1 volume ;
Dimensions 25 cm.
440 ## - SERIES STATEMENT/ADDED ENTRY--TITLE
Title Cambridge international AS and A level further mathematics
546 ## - LANGUAGE NOTE
Language note English
650 ## - SUBJECT ADDED ENTRY--TOPICAL TERM
Topical term or geographic name entry element Probabilities -- Textbooks
650 ## - SUBJECT ADDED ENTRY--TOPICAL TERM
Topical term or geographic name entry element Statistics -- Textbooks
700 ## - ADDED ENTRY--PERSONAL NAME
Personal name Porkess, Roger
Relator term Series editor
942 ## - ADDED ENTRY ELEMENTS (KOHA)
Source of classification or shelving scheme
Koha item type Teaching Resources
Holdings
Withdrawn status Lost status Source of classification or shelving scheme Damaged status Not for loan Collection code Permanent Location Current Location Shelving location Date acquired Total Checkouts Full call number Barcode Date last seen Date last checked out Copy number Price effective from Koha item type
          Teaching Resources KH8 Senior School Library KH8 Senior School Library Staff Office 2022-11-04 1 519.2 GOL TRKHSL000031 2024-06-27 2022-11-04 1 2022-11-04 Teaching Resources
          Teaching Resources KH8 Senior School Library KH8 Senior School Library Staff Office 2022-11-04 1 519.2 GOL TRKHSL000032 2024-11-01 2022-11-04 2 2022-11-04 Teaching Resources
          Teaching Resources KH8 Senior School Library KH8 Senior School Library Staff Office 2022-11-04 1 519.2 GOL TRKHSL000033 2024-11-01 2022-11-04 3 2022-11-04 Teaching Resources
          Teaching Resources KH8 Senior School Library KH8 Senior School Library Staff Office 2022-11-04 1 519.2 GOL TRKHSL000034 2024-06-14 2022-11-04 4 2022-11-04 Teaching Resources
          Teaching Resources KH8 Senior School Library KH8 Senior School Library Staff Office 2023-09-29   519.2 GOL TRKHSL003520 2023-09-29   6 2023-09-29 Teaching Resources

Powered By KH8 IT Dept